Statistics for Al Pacino Movies Quiz

Click here to take the quiz!

General Stats

  • This quiz has been taken 11,135 times
    (4,457 since last reset)
  • The average score is 8 of 16

Answer Stats

YearDescriptionMovie% Correct
1972Italian-American college boy becomes the head of a New York crime familyThe Godfather
92%
1983Cuban-American gangster gets money, power, and women in that orderScarface
86%
2007Baker's dozen of criminal associates plan yet another casino heistOcean's Thirteen
75%
2019The true story of what happened to Jimmy Hoffa... maybeThe Irishman
73%
1992Prep school student gets a job babysitting a blind retired army officer - hooahScent of a Woman
62%
1997Hotshot lawyer has a new boss - LuciferThe Devil's Advocate
60%
1973Honest NYPD cop is persecuted by corrupt cops for refusing to take bribesSerpico
52%
1975Man robs a bank to pay for a sex change operation, but soon becomes
embroiled in a police standoff
Dog Day Afternoon
50%
1997The true story of how FBI agent Joseph D. Pistone inflitrated
the Bonanno crime family
Donnie Brasco
48%
1999Head coach of the Miami Sharks has to deal with a greedy female
team owner and a washed up quarterback
Any Given Sunday
45%
1990Detective with a yellow trench coat takes on the mobDick Tracy
38%
1993Puerto Rican ex-con just wants to be a law-abiding nightclub ownerCarlito's Way
36%
2004Jewish moneylender wants a pound of flesh in lieu of debt repaymentThe Merchant of Venice
32%
1992Real estate scammers try to win a Cadillac or a set of steak knives, with
losers being fired
Glengarry Glen Ross
31%
2003A young Colin Farrell is approached by an older man who wants
him to join the CIA
The Recruit
25%
1980To catch a serial killer, a cop must go undercover into the dark world of
New York City "leather" bars
Cruising
18%

Score Distribution

Percentile by Number Answered

Percent of People with Each Score

Your Score History

You have not taken this quiz since the last reset